LEADER 01451nam a2200301 i 4500 001 000000108930 003 CaOOAMICUS 005 20080109150719.0 008 080109s2007 it 000 b ita c 020 $z978-88-452-9210-1* 040 $aPUL$bita$dLDB 041 1 $aita$alat$agrc 100 0 $aEpicurus,$d341-270 a.C.$0(OLS)http://pul/name/49 245 10$aEpicurea :$btesti di Epicuro e testimonianze epicuree nella raccolta di Hermann Usener /$cEpicuro ; testo greco e latino a fronte ; traduzione e note Ilaria Ramelli, presentazine di Giovanni Reale. 260 $aMilano :$bBompiani,$c2007. 300 $axiv, 897 p. ;$c22 cm. 490 1 $aBompiani Il pensiero occidentale 546 $aTesto a fronte in latino e greco. 600 04$aEpicurus,$d341-270 a.C.$0(OLS)http://pul/subject/148 700 1 $aUsener, Hermann,$d1834-1905.$0(OLS)http://pul/name/22257 830 0$aBompiani Il pensiero occidentale.$0(OLS)http://pul/title/99836 850 $aPUL 852 $aPUL$W1$xSL Filosofia 3$y81$m190 COLL 2.22.2$j124301$qDDC 21$q $B123136$CPULBib$Z2$F123136 $H106025 $81 941 1 $a9 983 3$aIl pensiero occidentale (Bompiani) 996 $6020$z978-88-452-9210-1*$9(OLS)http://pul/number/136638 996 $6245$aEpicurea :$btesti di Epicuro e testimonianze epicuree nella raccolta di Hermann Usener$9(OLS)http://pul/title/137053 996 $6260$aMilano :$bBompiani$9(OLS)http://pul/publisher/48240 LEADER 01313nam a2200289 u 4500 001 000000030938 003 CaOOAMICUS 005 20070226112102.0 008 970924s1987 it u000 u ita u 020 $a8839405119 035 $a10770378 040 $aPUL(R)$bita 100 1 $aAlonso-Schokel, Luis,$cS.I.,$d1920-1998.$0(OLS)http://pul/name/5079 240 10$a?Dónde está tu hermano? Textos de fraternidad en el libro del Génesis.$pItaliano.$0(OLS)http://pul/title/42521 245 10$aDov'è tuo fratello ? :$bPagine di fraternità nel libro della Genesi /$cLuis Alonso Schökel. 260 $aBrescia :$bPaideia,$cc1987. 300 $a385 p. ;$c21 cm 490 1 $aBiblioteca di cultura religiosa ;$v50 830 0$aBiblioteca di cultura religiosa (Paideia) ;$v50.$0(OLS)http://pul/title/98 850 $aPUL 852 $aPUL$W1$xSL Religione 1$y3$m6 C 37$j42743$nBK-PRI$b $qStampati$B42743$CPULBib$Z2$F42743 $H $81 900 $aSchökel, Luis Alonso,$cS.I.,$d1920-1998$95079 941 1 $a8 961 $aINV: 56330. 996 $6020$a8839405119$9(OLS)http://pul/number/38767 996 $6245$aDov'è tuo fratello ? :$bPagine di fraternità nel libro della Genesi$9(OLS)http://pul/title/42522 996 $6260$aBrescia :$bPaideia$9(OLS)http://pul/publisher/47884